[Event "Cto Aragón Equipos DH Gr II"]
[Site "Aragon"]
[Date "2015.01.24"]
[Round "1.26"]
[White "Gil Capape, Marco Antonio"]
[Black "Chueca Forcen, Alberto"]
[Result "0-1"]
[WhiteElo "2073"]
[BlackElo "2305"]
[PlyCount "52"]
[EventDate "2015.01.24"]
[WhiteTeam "Caissa"]
[BlackTeam "El Olivar"]

1. e4 e5 2. Nf3 Nc6 3. d4 exd4 4. Nxd4 Nf6 5. Nxc6 bxc6 6. e5 Qe7 7. Qe2 Nd5 8.
c4 Ba6 9. b3 g5 10. Ba3 d6 11. g3 Bg7 12. Bb2 O-O 13. h4 Rae8 14. hxg5 Qxg5 15.
Rh5 Qg6 16. Bh3 f5 17. Kd1 Bxe5 18. Bxe5 Rxe5 19. Qf3 Nf6 20. Rh4 Rfe8 21. Kc1
Ne4 22. Kb2 Qg7 23. Nc3 Nxc3 24. Bxf5 Rxf5 25. Qxf5 Nd1+ 26. Ka3 Qb2+ (26...
Qb2+ 27. Ka4 Nc3+ 28. Kb4 c5+ 29. Ka5 Qa3#) 0-1

[Event "Cto Aragón Equipos DH Gr II"]
[Site "Aragon"]
[Date "2015.01.24"]
[Round "1.27"]
[White "Palacios Latasa, Elias"]
[Black "Alonso Fdez-Revuelta, Rodrigo"]
[Result "1-0"]
[WhiteElo "2248"]
[BlackElo "2024"]
[PlyCount "73"]
[EventDate "2015.01.24"]
[WhiteTeam "El Olivar"]
[BlackTeam "Caissa"]

1. e4 c5 2. Nf3 Nc6 3. Bb5 d6 4. O-O Bd7 5. c3 Nf6 6. Re1 e6 7. d4 cxd4 8. cxd4
Be7 9. Nc3 O-O 10. Bg5 Ne8 11. Bxe7 Nxe7 12. Bf1 Ng6 13. e5 d5 14. Bd3 Nf4 15.
Ne2 Nxe2+ 16. Qxe2 f5 17. exf6 gxf6 18. Rac1 Rc8 19. Nh4 Ng7 20. Bb1 Qe8 21.
Rxc8 Bxc8 22. f4 Qh5 23. Nf3 Bd7 24. Rc1 Rc8 25. Rxc8+ Bxc8 26. Qc2 Bd7 27. Qc7
Bc6 28. Qb8+ Ne8 29. Qxa7 Qg4 30. Qb8 e5 31. fxe5 Qf4 32. Kf2 Qc1 33. Bf5 Qxb2+
34. Kg3 Kg7 35. exf6+ Nxf6 36. Qc7+ Kf8 37. Qd6+ 1-0

[Event "Cto Aragón Equipos DH Gr II"]
[Site "Aragon"]
[Date "2015.01.24"]
[Round "1.28"]
[White "Carraminana Lopez, Luis Antoni"]
[Black "Hernando Garcia, Antonio"]
[Result "1/2-1/2"]
[WhiteElo "1968"]
[BlackElo "2176"]
[PlyCount "56"]
[EventDate "2015.01.24"]
[WhiteTeam "Caissa"]
[BlackTeam "El Olivar"]

1. e4 c5 2. Nf3 e6 3. d3 Nc6 4. g3 g6 5. Bg2 Bg7 6. O-O Nge7 7. c3 d5 8. Qe2
O-O 9. Na3 d4 10. e5 Rb8 11. c4 a6 12. Bf4 h6 13. h4 Nf5 14. Nb1 Bd7 15. Nbd2
Rc8 16. Ne4 b6 17. g4 Nxh4 18. Nxh4 Qxh4 19. Nf6+ Bxf6 20. Bg3 Qxg3 21. fxg3
Bg5 22. Rf4 Rc7 23. Raf1 Kg7 24. Bf3 b5 25. Rc1 b4 26. Re1 a5 27. Kh2 a4 28.
Bg2 Ra7 1/2-1/2

[Event "Cto Aragón Equipos DH Gr II"]
[Site "Aragon"]
[Date "2015.01.24"]
[Round "1.29"]
[White "Fernandez Rubio, Rafael"]
[Black "Adla, Diego"]
[Result "1/2-1/2"]
[WhiteElo "2114"]
[BlackElo "2469"]
[PlyCount "67"]
[EventDate "2015.01.24"]
[WhiteTeam "Tauste"]
[BlackTeam "St. Casablanca"]

1. e4 e6 2. d4 d5 3. Bd3 dxe4 4. Bxe4 Nf6 5. Bf3 Nc6 6. Ne2 e5 7. Bxc6+ bxc6 8.
Nbc3 exd4 9. Qxd4 Qxd4 10. Nxd4 Ba6 11. Bf4 O-O-O 12. Nxc6 Re8+ 13. Kd2 Re6 14.
Nd4 Rb6 15. Nb3 Bb4 16. Rae1 Bb7 17. f3 Ra6 18. a3 Bxc3+ 19. bxc3 Nd5 20. Bg3
Rd8 21. c4 Nb6+ 22. Kc3 Ra4 23. c5 Rc4+ 24. Kb2 Na4+ 25. Kb1 Nxc5 26. Nxc5 Rxc5
27. Rd1 Bd5 28. Kb2 Re8 29. Rhe1 Be6 30. Rd4 a5 31. Re5 Rxe5 32. Bxe5 Kb7 33.
Bg3 Ra8 34. Rh4 1/2-1/2

[Event "Cto Aragón Equipos DH Gr II"]
[Site "Aragon"]
[Date "2015.01.24"]
[Round "1.30"]
[White "Glavina, Pablo"]
[Black "Sierra Aguerri, Joaquin"]
[Result "1-0"]
[WhiteElo "2418"]
[BlackElo "2053"]
[PlyCount "87"]
[EventDate "2015.01.24"]
[WhiteTeam "St. Casablanca"]
[BlackTeam "Tauste"]

1. e4 d5 2. exd5 Qxd5 3. Nc3 Qa5 4. Bc4 Nf6 5. Qe2 c6 6. Nf3 Bf5 7. d3 e6 8.
Nd4 Bb4 9. Bd2 O-O 10. Nxf5 exf5 11. O-O Nbd7 12. a3 Bxc3 13. Bxc3 Qc7 14. Qf3
g6 15. Rae1 Rfe8 16. Ba2 a5 17. Qh3 Qf4 18. Rxe8+ Rxe8 19. g3 Qf3 20. Qh4 Kg7
21. Bxa5 Re2 22. Bc3 Rxc2 23. Bb3 Rxc3 24. bxc3 Ne5 25. Bd1 Qxd3 26. Qd4 Nf3+
27. Bxf3 Qxf3 28. Re1 f4 29. Re7 g5 30. Rd7 fxg3 31. hxg3 Qf5 32. Rxb7 h5 33.
Re7 h4 34. gxh4 gxh4 35. Qxh4 Ne4 36. Re8 Nf6 37. Re3 Nh5 38. Qd4+ Kh6 39. Qd6+
f6 40. Qxc6 Qg4+ 41. Rg3 Qd1+ 42. Kh2 Qe1 43. Qf3 Qe5 44. Qe3+ 1-0

[Event "Cto Aragón Equipos DH Gr II"]
[Site "Aragon"]
[Date "2015.01.24"]
[Round "1.32"]
[White "Lopez Gracia, Fernando"]
[Black "Sancho Casale, Jesus"]
[Result "1-0"]
[WhiteElo "2327"]
[BlackElo "1980"]
[PlyCount "106"]
[EventDate "2015.01.24"]
[WhiteTeam "St. Casablanca"]
[BlackTeam "Tauste"]

1. e4 e5 2. Nf3 Nf6 3. Nxe5 d6 4. Nxf7 Kxf7 5. d4 c5 6. Bc4+ Be6 7. Bxe6+ Kxe6
8. Nc3 Kf7 9. Qd3 Nc6 10. dxc5 g6 11. O-O dxc5 12. Qc4+ Kg7 13. Bg5 Be7 14.
Rad1 Qc7 15. Nb5 Qb8 16. f4 Rd8 17. e5 Ne8 18. Qe6 Qc8 19. Qc4 Qf5 20. Bxe7
Nxe7 21. Qxc5 Nc6 22. Nd6 Nxd6 23. Rxd6 Rxd6 24. Qxd6 Rd8 25. Qc7+ Qf7 26.
Qxf7+ Kxf7 27. g4 Ke6 28. Rf2 Rd1+ 29. Kg2 h5 30. h3 h4 31. c3 Ne7 32. Kf3 Rd3+
33. Ke4 Rxh3 34. Rd2 Rh1 35. Rd6+ Kf7 36. Rd7 h3 37. Kf3 Rg1 38. Rd2 g5 39.
fxg5 Ng6 40. Rh2 Nxe5+ 41. Kf2 Rxg4 42. Rxh3 Rxg5 43. Rh7+ Rg7 44. Rh5 Ke6 45.
b3 Rd7 46. Ke2 Nc6 47. Ke3 Ke7 48. Rg5 Kd8 49. a4 Re7+ 50. Kd3 Ne5+ 51. Kc2 b6
52. Rh5 Kc7 53. Kb2 Kd6 {Ilegible} 1-0

[Event "Cto Aragón Equipos Pref Gr I"]
[Site "Aragon"]
[Date "2015.01.24"]
[Round "1.33"]
[White "Cifuentes Parada, Roberto"]
[Black "Soriano Ascaso, Ignacio"]
[Result "1-0"]
[WhiteElo "2461"]
[BlackElo "2140"]
[PlyCount "107"]
[EventDate "2015.01.24"]
[WhiteTeam "Jaque"]
[BlackTeam "Sabiñanigo"]

1. d4 g6 2. c4 Bg7 3. e4 d6 4. Nc3 e5 5. Nf3 Nc6 6. Bg5 f6 7. Be3 Nh6 8. dxe5
dxe5 9. Qxd8+ Kxd8 10. O-O-O+ Bd7 11. h3 Kc8 12. c5 f5 13. Bc4 a5 14. Ng5 f4
15. Bd2 a4 16. Nd5 Nd4 17. Bc3 Bb5 18. Bxb5 Nxb5 19. Ne6 $18 Nxc3 20. bxc3 Ra5
21. Nxg7 Rxc5 22. Kc2 Nf7 23. g3 fxg3 24. fxg3 Ng5 25. Rhf1 Kb8 26. Nf6 Rc4 27.
Nd7+ Ka7 28. Rd5 b6 29. Kd3 Rxe4 30. h4 Rg4 31. hxg5 Rxg3+ 32. Ke4 h6 33. Nxe5
hxg5 34. Nxg6 Rh2 35. Ne6 Rxc3 36. Nd4 Kb7 37. Rd8 Rc4 38. Rff8 Re2+ 39. Kd3
Rxd4+ 40. Kxe2 Re4+ 41. Kd3 Re6 42. Rg8 Re1 43. Kc2 Re2+ 44. Rd2 Re4 45. Nh8
Rc4+ 46. Kb2 b5 47. Nf7 b4 48. Nd8+ Kb6 49. Rg6+ Kb5 50. Rxg5+ c5 51. Rc2 a3+
52. Kb3 Rxc2 53. Kxc2 Ka4 54. Rxc5 1-0

[Event "Cto Aragón Equipos Pref Gr I"]
[Site "Aragon"]
[Date "2015.01.24"]
[Round "1.34"]
[White "Ainsa Claver, Ignacio"]
[Black "Perez Puyal, Jose Joaquin"]
[Result "1/2-1/2"]
[WhiteElo "1958"]
[BlackElo "1922"]
[PlyCount "88"]
[EventDate "2015.01.24"]
[WhiteTeam "Sabiñanigo"]
[BlackTeam "Jaque"]

1. c4 c6 2. Nf3 Nf6 3. g3 d5 4. cxd5 cxd5 5. d4 g6 6. Bg2 Bg7 7. O-O O-O 8. Nc3
Nc6 9. Bf4 Bf5 10. Ne5 Ne4 11. Nxc6 Nxc3 12. bxc3 bxc6 13. Qa4 Qb6 14. Rac1
Rfd8 15. h3 c5 16. e3 Rac8 17. g4 Bd3 18. Rfd1 Qa6 19. Qxa6 Bxa6 20. Bf1 Bxf1
21. Kxf1 cxd4 22. cxd4 h6 23. g5 Kh7 24. Ke2 e6 25. h4 Bf8 26. Rb1 Rd7 27. Rdc1
Rxc1 28. Rxc1 Rb7 29. Kd3 Bg7 30. Rc7 Rxc7 31. Bxc7 f6 32. f4 hxg5 33. hxg5
fxg5 34. fxg5 Bf8 35. Kc3 Be7 36. Bf4 a5 37. Kb3 Bb4 38. Ka4 Bd2 39. Kb5 Kg7
40. Kc6 Kf7 41. Kd7 Be1 42. a4 Bc3 43. Kd6 Bd2 44. Kd7 Bc1 1/2-1/2

[Event "Cto Aragón Equipos Pref Gr I"]
[Site "Aragon"]
[Date "2015.01.24"]
[Round "1.35"]
[White "Uldemolins Nivela, Mateo"]
[Black "Calleja Sanchez, Alfredo"]
[Result "1-0"]
[WhiteElo "1867"]
[BlackElo "1944"]
[PlyCount "117"]
[EventDate "2015.01.24"]
[WhiteTeam "Jaque"]
[BlackTeam "Sabiñanigo"]

1. e4 d6 2. d4 g6 3. Nc3 Bg7 4. g3 Nf6 5. Bg2 c6 6. a4 O-O 7. Nge2 Nbd7 8. O-O
e5 9. b3 exd4 10. Nxd4 d5 11. exd5 Nxd5 12. Nxd5 cxd5 13. Ba3 Re8 14. Qd2 Nf6
15. f3 Qb6 16. Rad1 Bd7 17. Kh1 Bc6 18. Rfe1 Nd7 19. Nxc6 bxc6 20. Bh3 f5 21.
Bf1 Ne5 22. Kg2 h5 23. Qb4 Bf8 24. Qxb6 axb6 25. Bb2 Bg7 26. Bc1 Kf7 27. c4
dxc4 28. f4 Nd3 29. Bxd3 cxd3 30. Rxe8 Rxe8 31. Rxd3 Bf8 32. Be3 Rb8 33. Kf3
Ke6 34. Bd4 Rd8 35. Re3+ Kf7 36. Bxb6 Rd1 37. Ke2 Rh1 38. h4 Bb4 39. Kd3 Rc1
40. Bd4 Rd1+ 41. Kc4 Ba5 42. b4 Bxb4 43. Bb6 Be1 44. a5 Ra1 45. Bd4 Ra4+ 46.
Kb3 Rb4+ 47. Ka3 Rxd4 48. Rxe1 Rd3+ 49. Kb4 Rxg3 50. Ra1 c5+ 51. Kxc5 Rc3+ 52.
Kd6 Rd3+ 53. Kc7 Rc3+ 54. Kb7 Rb3+ 55. Kc6 Rc3+ 56. Kd5 Rc8 57. a6 Ra8 58. a7
Ke7 59. Kc6 1-0

[Event "Cto Aragón Equipos Pref Gr I"]
[Site "Aragon"]
[Date "2015.01.24"]
[Round "1.36"]
[White "Avellanas Tomas, Jose"]
[Black "Escartin Lacasa, Jose"]
[Result "1-0"]
[WhiteElo "1930"]
[BlackElo "1626"]
[PlyCount "129"]
[EventDate "2015.01.24"]
[WhiteTeam "Sabiñanigo"]
[BlackTeam "Jaque"]

1. d4 d5 2. Nf3 Nf6 3. Bf4 c5 4. c3 e6 5. e3 Qb6 6. Qb3 Qxb3 7. axb3 Nc6 8.
dxc5 Bxc5 9. b4 Bb6 10. b5 Ne7 11. Bd6 Ng6 12. Bd3 Bd7 13. Nbd2 Bd8 14. O-O Be7
15. Bxe7 Nxe7 16. Ne5 O-O 17. g4 Rfd8 18. g5 Ne8 19. Nb3 b6 20. Nd4 Nd6 21. Ra4
Be8 22. Rfa1 Ndc8 23. e4 Rd6 24. exd5 exd5 25. Nf5 Nxf5 26. Bxf5 Bxb5 27. Rh4
g6 28. Bxc8 Rxc8 29. Rxa7 Rf8 30. Ng4 Kg7 31. Nf6 Rh8 32. Rb4 Be2 33. Re7 Re6
34. Rxe6 fxe6 35. Rxb6 Kf7 36. Rb7+ Kf8 37. Nxh7+ Kg8 38. Nf6+ Kf8 39. Rb8+ Kg7
40. Rxh8 Kxh8 41. Kg2 Kg7 42. f3 Bc4 43. Kf2 Kf7 44. Ke3 e5 45. Nd7 Ke6 46. Nb6
Bb3 47. Kd3 Kd6 48. c4 d4 49. h4 Bd1 50. f4 exf4 51. Kxd4 f3 52. Ke3 Kc5 53.
Nd7+ Kxc4 54. Ne5+ Kb3 55. Nxg6 Kxb2 56. Ne5 Kc3 57. g6 Bc2 58. h5 f2 59. Kxf2
Kd4 60. Ng4 Bb1 61. Kf3 Kd5 62. Kf4 Ke6 63. Kg5 Ke7 64. Kh6 Kf8 65. Nf6 1-0

[Event "Cto Aragón Equipos Pref Gr I"]
[Site "Aragon"]
[Date "2015.01.24"]
[Round "1.37"]
[White "Pes Mateo, Angel"]
[Black "Sanz Lopez, Ruben"]
[Result "1-0"]
[WhiteElo "1986"]
[BlackElo "1936"]
[PlyCount "57"]
[EventDate "2015.01.24"]
[WhiteTeam "Delicias B"]
[BlackTeam "ONCE Aragon B"]

1. d4 d5 2. Bf4 c5 3. e3 Nc6 4. Nd2 Qb6 5. Ngf3 Nf6 6. Be2 Bf5 7. Nh4 Bg6 8.
Nxg6 hxg6 9. dxc5 Qxc5 10. Nb3 Qb6 11. Nd4 e5 12. Nxc6 exf4 13. Nd4 Bc5 14. Qd3
O-O 15. O-O fxe3 16. fxe3 Rfe8 17. c3 Rad8 18. b4 Bd6 19. Rf3 Bb8 20. Raf1 Re7
21. Rh3 Rde8 22. Bd1 a6 23. Bb3 Qd6 24. c4 Ng4 25. c5 Qe5 26. Nc2 Qg5 27. Bxd5
Nf6 28. Bc4 Qe5 29. Qxg6 1-0

[Event "Cto Aragón Equipos Pref Gr I"]
[Site "Aragon"]
[Date "2015.01.24"]
[Round "1.38"]
[White "Sanz Barrionuevo, Alberto"]
[Black "Naya Sancho, Juan Manuel"]
[Result "0-1"]
[WhiteElo "1932"]
[BlackElo "1889"]
[PlyCount "94"]
[EventDate "2015.01.24"]
[WhiteTeam "ONCE Aragon B"]
[BlackTeam "Delicias B"]

1. e4 d5 2. exd5 Nf6 3. Nf3 Qxd5 4. Nc3 Qa5 5. Bb5+ c6 6. Be2 Bf5 7. d4 Qc7 8.
O-O Nbd7 9. Bg5 e6 10. Re1 Bd6 11. h3 h6 12. Bxf6 Nxf6 13. Bd3 Bxd3 14. Qxd3
O-O-O 15. Ne4 Be7 16. Ne5 c5 17. Nf3 cxd4 18. Nxd4 e5 19. Nb5 Rxd3 20. Nxc7 Rd7
21. Nb5 a6 22. Nbc3 Rhd8 23. Nxf6 Bxf6 24. Rad1 Kc7 25. Rxd7+ Rxd7 26. Kf1 Kc6
27. Ke2 e4 28. Nxe4 Bxb2 29. Rb1 Be5 30. Rb3 f5 31. Nd2 Rd5 32. Nc4 Bf6 33. Ne3
Ra5 34. a3 g6 35. Nc4 Rc5 36. Rb6+ Kc7 37. Kd3 Rxc4 38. Rxf6 Rc6 39. Rxc6+ Kxc6
40. Kd4 Kd6 41. Kc4 Kc6 42. a4 b6 43. f4 g5 44. fxg5 hxg5 45. g3 Kd6 46. h4 f4
47. Kd3 fxg3 0-1

[Event "Cto Aragón Equipos Pref Gr I"]
[Site "Aragon"]
[Date "2015.01.24"]
[Round "1.39"]
[White "Sanchez Perez, Carlos"]
[Black "Soriano Gracia, Manuel"]
[Result "0-1"]
[WhiteElo "1499"]
[BlackElo "1829"]
[PlyCount "96"]
[EventDate "2015.01.24"]
[WhiteTeam "Delicias B"]
[BlackTeam "ONCE Aragon B"]

1. d4 d5 2. c4 c6 3. Nc3 Nf6 4. e3 Nbd7 5. Nf3 e6 6. Be2 Bd6 7. Nd2 e5 8. c5
Bc7 9. b4 a6 10. a4 e4 11. f3 Nh5 12. Nf1 Qh4+ 13. Kd2 exf3 14. gxf3 Ndf6 15.
Qe1 Qxe1+ 16. Kxe1 Bh3 17. Kf2 O-O 18. Ng3 Rfe8 19. Bd2 g6 20. Bd3 Re7 21. Rae1
Rae8 22. Nd1 Ng7 23. b5 Bc8 24. b6 Bd8 25. h4 Nfh5 26. Reg1 Nxg3 27. Rxg3 Bf5
28. Be2 Bc2 29. Nc3 Nf5 30. Rgg1 Nxe3 31. h5 Nf5 32. Rg4 Re6 33. f4 Nxd4 34.
hxg6 Rxg6 35. Rxg6+ fxg6 36. Bg4 Bf5 37. Bxf5 Nxf5 38. Ne2 Rxe2+ 39. Kxe2 Ng3+
40. Ke3 Nxh1 41. Be1 h5 42. Kf3 h4 43. Kg4 Ng3 44. Bc3 Ne4 45. Bd4 Be7 46. f5
Bxc5 47. Bxc5 gxf5+ 48. Kxh4 Nxc5 0-1

[Event "Cto Aragón Equipos Pref Gr I"]
[Site "Aragon"]
[Date "2015.01.24"]
[Round "1.42"]
[White "Lopez Caudevilla, David"]
[Black "Rodriguez Leiva, Manuel"]
[Result "1/2-1/2"]
[WhiteElo "1978"]
[BlackElo "1956"]
[PlyCount "132"]
[EventDate "2015.01.24"]
[WhiteTeam "Actur Rey Fernando"]
[BlackTeam "Jaime Casas B"]

1. e4 e6 2. d3 d5 3. Nd2 Nf6 4. g3 Be7 5. Bg2 O-O 6. Ngf3 c5 7. O-O Nc6 8. Re1
Re8 9. h4 dxe4 10. dxe4 e5 11. c3 Bg4 12. Qc2 Qc7 13. Nf1 h6 14. Ne3 Bh5 15.
Nf5 Bf8 16. Nh2 Rad8 17. f3 Bg6 18. g4 Bxf5 19. exf5 c4 20. Qf2 b6 21. Qg3 Nd5
22. g5 h5 23. g6 Bc5+ 24. Kh1 fxg6 25. fxg6 Be7 26. f4 exf4 27. Qf3 Qd6 28.
Qxh5 Nf6 29. Qf3 Ne5 30. Qxf4 Nxg6 31. Qxc4+ Kh8 32. Bg5 Ne5 33. Qe2 Nf7 34.
Rad1 Qg3 35. Nf1 Qc7 36. Bxf6 Bxf6 37. Qxe8+ Rxe8 38. Rxe8+ Kh7 39. h5 Ng5 40.
Ne3 Qf4 41. Nd5 Qh4+ 42. Kg1 Qxh5 43. Nxf6+ gxf6 44. Rd7+ Kg6 45. Be4+ Nxe4 46.
Rg8+ Kh6 47. Rh8+ Kg6 48. Rxh5 Kxh5 49. Rxa7 Kg4 50. Rb7 f5 51. Rxb6 Kf3 52.
Rb4 Ng3 53. a4 Ke3 54. a5 f4 55. Rxf4 Ne2+ 56. Kf1 Nxf4 57. a6 Nd5 58. c4 Nb6
59. c5 Na8 60. b4 Kd4 61. Ke2 Kc4 62. Ke3 Kxb4 63. Kd4 Kb5 64. Kd5 Kxa6 65. Kc6
Ka7 66. Kd7 Kb7 1/2-1/2

[Event "Cto Aragón Equipos Pref Gr I"]
[Site "Aragon"]
[Date "2015.01.24"]
[Round "1.43"]
[White "Buil Rello, Jose Antonio"]
[Black "Aviol Perez, Jose Mariano"]
[Result "1-0"]
[WhiteElo "1921"]
[BlackElo "1906"]
[PlyCount "133"]
[EventDate "2015.01.24"]
[WhiteTeam "Jaime Casas B"]
[BlackTeam "Actur Rey Fernando"]

1. e4 d6 2. d4 Nf6 3. f3 g6 4. c4 c6 5. Be3 Bg7 6. Qd2 Nbd7 7. Bd3 a6 8. Ne2 b5
9. Nbc3 Qa5 10. b3 Rb8 11. O-O O-O 12. Rfd1 bxc4 13. Bxc4 Qc7 14. Rac1 Qb7 15.
Bd3 Rd8 16. Na4 Nf8 17. Qa5 Ne6 18. Rc2 d5 19. Nc5 Qc7 20. Qxc7 Nxc7 21. e5 Nd7
22. Na4 Bb7 23. f4 e6 24. g4 f6 25. Kf2 fxe5 26. fxe5 Rf8+ 27. Kg2 Rf7 28. Rf1
Rbf8 29. Rxf7 Rxf7 30. Bg5 Nb5 31. Bc1 Bf8 32. Bb2 Bb4 33. Nac3 Ba5 34. a4 Nxc3
35. Bxc3 Bb6 36. Rc1 c5 37. a5 Ba7 38. Be1 cxd4 39. Bg3 Nc5 40. Nf4 Rxf4 41.
Rxc5 Bxc5 42. Bxf4 Bb4 43. g5 Bxa5 44. Kf1 Kf7 45. Ke2 Ke7 46. Kd1 Kd7 47. Be2
Kc6 48. h4 Kb6 49. h5 Bc6 50. Bd3 Be8 51. Kc2 Be1 52. Kd1 Bb4 53. Kc2 Bb5 54.
Bxg6 hxg6 55. h6 Bf8 56. Bc1 Be8 57. h7 Bg7 58. Ba3 Bb5 59. Be7 d3+ 60. Kd1 Bc4
61. Bf6 Bxb3+ 62. Kd2 Bf8 63. h8=Q Bb4+ 64. Kxd3 Bc4+ 65. Kc2 d4 66. Qd8+ Kb5
67. Qd7+ 1-0

[Event "Cto Aragón Equipos Pref Gr I"]
[Site "Aragon"]
[Date "2015.01.24"]
[Round "1.44"]
[White "Arbiol Val, Sergio"]
[Black "Salas Latorre, Jose"]
[Result "1/2-1/2"]
[WhiteElo "1676"]
[BlackElo "1786"]
[PlyCount "67"]
[EventDate "2015.01.24"]
[WhiteTeam "Actur Rey Fernando"]
[BlackTeam "Jaime Casas B"]

1. e4 c6 2. d4 d5 3. exd5 cxd5 4. Bd3 Nf6 5. Nf3 Bg4 6. O-O e6 7. c3 Qc7 8. h3
Bh5 9. Be3 Bd6 10. Nbd2 O-O 11. Qb3 Nc6 12. Rac1 Rfc8 13. c4 dxc4 14. Bxc4 Qd7
15. Ng5 Na5 16. Qb5 Nxc4 17. Qxd7 Nxd7 18. Nxc4 Be7 19. Ne4 Rc6 20. Na5 Rxc1
21. Rxc1 b6 22. Nb7 Nf6 23. Ned6 Bxd6 24. Nxd6 Nd5 25. Bd2 Kf8 26. Nb5 Ke7 27.
Nc7 Rd8 28. Nxd5+ Rxd5 29. Rc7+ Rd7 30. Rxd7+ Kxd7 31. f3 Bg6 32. Kf2 Kc6 33.
Ke3 Kd5 34. Bc3 1/2-1/2

[Event "Cto Aragón Equipos Pref Gr I"]
[Site "Aragon"]
[Date "2015.01.24"]
[Round "1.46"]
[White "Gines Esteo, Pedro Antonio"]
[Black "Bayona Bafaluy, Jose Maria"]
[Result "1-0"]
[WhiteElo "2044"]
[BlackElo "1777"]
[PlyCount "93"]
[EventDate "2015.01.24"]
[WhiteTeam "Ibercaja B"]
[BlackTeam "Binefar"]

1. d4 Nf6 2. c4 e5 3. dxe5 Ng4 4. Nf3 Nc6 5. e3 Ncxe5 6. Nxe5 Nxe5 7. Be2 d6 8.
Nd2 Be6 9. f4 Ng4 10. Nf3 h5 11. Ng5 Qd7 12. Nxe6 Qxe6 13. Qd5 O-O-O 14. Qxe6+
fxe6 15. Bxg4 hxg4 16. Kf2 Be7 17. Kg3 g5 18. Kxg4 Rh4+ 19. Kf3 Rdh8 20. Bd2
Bf6 21. Bc3 Bxc3 22. bxc3 Rf8 23. g3 g4+ 24. Kg2 Rh3 25. e4 Rfh8 26. Raf1 R8h5
27. f5 exf5 28. Rxf5 Rxf5 29. exf5 Kd7 30. Rf1 Ke7 31. Rf4 Rh5 32. Rxg4 Rxf5
33. Rg7+ Kd8 34. h4 Ra5 35. g4 Rxa2+ 36. Kg3 a5 37. h5 Ke8 38. h6 Kf8 39. Rxc7
Kg8 40. Kf4 a4 41. Kg5 Rg2 42. Rxb7 a3 43. Ra7 a2 44. Kh5 d5 45. g5 Rf2 46. Kg6
Kf8 47. cxd5 1-0

[Event "Cto Aragón Equipos Pref Gr I"]
[Site "Aragon"]
[Date "2015.01.24"]
[Round "1.47"]
[White "Saura Solano, Jose Luis"]
[Black "Gines Abad, Pedro"]
[Result "0-1"]
[WhiteElo "1764"]
[BlackElo "2036"]
[PlyCount "72"]
[EventDate "2015.01.24"]
[WhiteTeam "Binefar"]
[BlackTeam "Ibercaja B"]

1. Nf3 Nf6 2. c4 e6 3. g3 Be7 4. Bg2 O-O 5. O-O d5 6. d4 dxc4 7. Qc2 a6 8. Qxc4
b5 9. Qc2 Bb7 10. b3 Nbd7 11. Nbd2 c5 12. Bb2 Rc8 13. Qd1 Qb6 14. Rc1 Rfd8 15.
Ba3 Qa5 16. Bxc5 Nxc5 17. dxc5 Bxf3 18. Bxf3 Rxd2 19. Qe1 Rxc5 20. Rxc5 Bxc5
21. Qc1 Bb4 22. Qc8+ Rd8 23. Qc2 Rd2 24. Qc8+ Bf8 25. Rc1 Rxa2 26. Rc7 Qe1+ 27.
Kg2 Ra1 28. g4 Ne4 29. Bxe4 Qh1+ 30. Kh3 Qxe4 31. Qe8 Qf4 32. Rc8 Qb4 33. Rc7
Qxb3+ 34. f3 e5 35. Qxe5 Ra4 36. Rc8 Qe6 0-1

[Event "Cto Aragón Equipos Pref Gr I"]
[Site "Aragon"]
[Date "2015.01.24"]
[Round "1.48"]
[White "Eizaguerri Floris, Maria"]
[Black "Ballarin Corvinos, Jorge"]
[Result "1-0"]
[WhiteElo "1902"]
[BlackElo "1582"]
[PlyCount "65"]
[EventDate "2015.01.24"]
[WhiteTeam "Ibercaja B"]
[BlackTeam "Binefar"]

1. d4 d5 2. c4 Nc6 3. cxd5 Qxd5 4. e3 e5 5. Nc3 Bb4 6. Bd2 Qd8 7. d5 Nce7 8.
Qa4+ Qd7 9. Qxb4 Nxd5 10. Nxd5 Qxd5 11. e4 Qe6 12. Be2 Ne7 13. Nf3 O-O 14. O-O
b6 15. Bc4 Qd6 16. Qxd6 cxd6 17. Bb4 Rd8 18. Rfd1 Nc6 19. Bxd6 Bg4 20. Ba3 Nd4
21. Bd5 Rac8 22. Rd3 Rxd5 23. exd5 Ne2+ 24. Kf1 e4 25. Kxe2 exd3+ 26. Kxd3 Bf5+
27. Kd4 f6 28. Re1 a5 29. Re7 b5 30. Bc5 b4 31. d6 Rd8 32. Nh4 Bc8 33. Kd5 1-0

[Event "Cto Aragón Equipos Pref Gr I"]
[Site "Aragon"]
[Date "2015.01.24"]
[Round "1.49"]
[White "Felez Casedas, Carlos"]
[Black "Sanchez Herrera, Miguel"]
[Result "0-1"]
[WhiteElo "2013"]
[BlackElo "2121"]
[PlyCount "74"]
[EventDate "2015.01.24"]
[WhiteTeam "La Aurora Estadilla B"]
[BlackTeam "St. Casablanca C"]

1. e4 c5 2. c3 g6 3. Nf3 d5 4. exd5 Qxd5 5. d4 Bg7 6. dxc5 Qxc5 7. Be3 Qc7 8.
Qd2 a6 9. Na3 Nf6 10. Nc4 Nbd7 11. Bf4 Qc6 12. Nd4 Qe4+ 13. Be2 Nd5 14. Bg3 h5
15. O-O Bxd4 16. cxd4 h4 17. Bf3 Qf5 18. Rfe1 Kf8 19. Be5 N5f6 20. Qa5 h3 21.
Ne3 Qg5 22. g3 Ra7 23. Qd8+ Kg7 24. Qxe7 b6 25. Nd5 Qf5 26. Be4 Nxe5 27. Bxf5
Nf3+ 28. Kh1 Rxe7 29. Nxe7 gxf5 30. Re3 Bb7 31. Nxf5+ Kg6 32. Ne7+ Kg5 33. d5
Nxd5 34. Nxd5 Bxd5 35. Rd1 Ba8 36. Ra3 a5 37. Rc3 Nd4+ 0-1

[Event "Cto Aragón Equipos Pref Gr I"]
[Site "Aragon"]
[Date "2015.01.24"]
[Round "1.51"]
[White "Fuentes Espuna, Juan Antonio"]
[Black "Antonano Fedz-Quincoces, Aveli"]
[Result "1-0"]
[WhiteElo "1912"]
[BlackElo "1978"]
[PlyCount "59"]
[EventDate "2015.01.24"]
[WhiteTeam "La Aurora Estadilla B"]
[BlackTeam "St. Casablanca C"]

1. d4 f5 2. c4 Nf6 3. Nc3 e6 4. Nf3 Bb4 5. Qb3 a5 6. a3 a4 7. Qc2 Bxc3+ 8. bxc3
d6 9. Rb1 O-O 10. Bg5 Qe8 11. Bxf6 Rxf6 12. e3 c5 13. Be2 Nd7 14. O-O b6 15.
Rfd1 Bb7 16. dxc5 Be4 17. Bd3 Bxf3 18. gxf3 bxc5 19. Bf1 Ne5 20. Qe2 Qh5 21.
Bg2 f4 22. e4 Rh6 23. h3 Ng6 24. Rxd6 Nh4 25. Bh1 Rf8 26. Qd1 Ng6 27. Bg2 Nh4
28. Rd8 Rhf6 29. Rbb8 Qg6 30. Rxf8+ 1-0

[Event "Cto Aragón Equipos Pref Gr I"]
[Site "Aragon"]
[Date "2015.01.24"]
[Round "1.52"]
[White "Calvo Mayayo, Jose Maria"]
[Black "Pellicer Cerezuela, Miguel"]
[Result "0-1"]
[WhiteElo "1925"]
[BlackElo "1862"]
[PlyCount "58"]
[EventDate "2015.01.24"]
[WhiteTeam "St. Casablanca C"]
[BlackTeam "La Aurora Estadilla B"]

1. c4 Nf6 2. g3 e5 3. Bg2 Bc5 4. Nc3 a5 5. e3 O-O 6. Nge2 Nc6 7. O-O d6 8. d4
exd4 9. exd4 Ba7 10. h3 Bf5 11. Bg5 h6 12. Bxf6 Qxf6 13. Nd5 Qd8 14. Ne3 Bh7
15. a3 Re8 16. Kh2 Be4 17. Bxe4 Rxe4 18. Qc2 Qe8 19. d5 Nd4 20. Nxd4 Bxd4 21.
Nd1 Qe5 22. Rb1 Re8 23. b4 axb4 24. axb4 h5 25. Kg2 h4 26. Rb3 Re1 27. Rf3 Rxf1
28. Kxf1 hxg3 29. Ne3 gxf2 0-1

[Event "Cto Aragón Equipos Pref Gr II"]
[Site "Aragon"]
[Date "2015.01.24"]
[Round "1.53"]
[White "Lopez Guaita, Fernando"]
[Black "Malo Guillen, Jose Luis"]
[Result "1-0"]
[WhiteElo "1967"]
[BlackElo "2167"]
[PlyCount "53"]
[EventDate "2015.01.24"]
[WhiteTeam "Agrupacion B"]
[BlackTeam "Las Fuentes"]

1. e4 d6 2. d4 Nf6 3. Nc3 g6 4. Nf3 Bg7 5. h3 O-O 6. Be2 e6 7. Bg5 h6 8. Be3
Nc6 9. Qd2 Kh7 10. O-O-O a6 11. g4 b5 12. g5 Ng8 13. gxh6 Bxh6 14. h4 f6 15.
Rdg1 b4 16. Nd1 Bxe3 17. Nxe3 Nh6 18. Bd3 Rg8 19. e5 fxe5 20. h5 Nxd4 21. hxg6+
Kg7 22. Nxd4 exd4 23. Rxh6 dxe3 24. Rh7+ Kf8 25. Qxe3 Rb8 26. Qh6+ Ke8 27. Rh8
1-0